MARC

LEADER 00000nam0a2200000 4500
001 321814
005 20231102003419.0
035 |a (RuTPU)RU\TPU\book\347370 
090 |a 321814 
100 |a 20160906d1950 m y0rusy50 ca 
101 1 |a rus  |c cze 
102 |a RU 
105 |a a z 000zy 
200 1 |a Химия стекла  |e сборник  |e пер. с чеш.  |f под ред. Л. И. Бунеевой 
210 |a Москва  |c Изд-во иностранной литературы  |d 1950 
215 |a 183 с.  |c ил. 
606 1 |a Стекло в целом  |2 stltpush  |3 (RuTPU)RU\TPU\subj\73642  |9 86525 
610 1 |a стекольная промышленность 
610 1 |a химия 
610 1 |a химический анализ 
610 1 |a экспресс-методы 
610 1 |a тепловое излучение 
610 1 |a сурьмяный рубин 
610 1 |a цветное стекло 
610 1 |a силикаты 
610 1 |a физико-химические свойства 
675 |a 666.1  |v 4 
702 1 |a Бунеева  |b Л. И.  |4 340 
801 1 |a RU  |b 63413507  |c 20160906 
801 2 |a RU  |b 63413507  |c 20200630  |g RCR 
942 |c BK